000 00534nam a2200145Ia 4500
008 100204s9999 xx 000 0 und d
082 _b15254
100 _aजोशी श्रीपाद
245 _aमित्र कसे मिळावावे
260 _b"मॅजेस्टीक बुक स्टॅाल , मुंबई"
_c1978 5
300 _a92
630 _aमित्र कसे मिळावावे
730 _aमित्र कसे मिळावावे
942 _cBOOK
999 _c459685
_d459682